| 000 | 01534nam a22003977a 4500 | ||
|---|---|---|---|
| 001 | 000749 | ||
| 003 | DO-SdBPM | ||
| 005 | 20260528123409.0 | ||
| 007 | ta | ||
| 008 | 161125b1996 sp a || |||| 00| 0 spa d | ||
| 020 | _a8422659069 | ||
| 040 |
_aDO-SdBPM _bspa _cBPMSU _erda |
||
| 041 | 1 | 7 |
_aspa _heng |
| 082 | 0 | 4 |
_a833.91 _bN898d 1996 _222 |
| 100 | 1 |
_aNöstlinger, Christine, _d1936- _4aut. _eautor |
|
| 245 | 1 | 0 |
_aDiario secreto de Susi ; _bDiario secreto de Paul / _cChristine Nöstlinger ; traducción de Marinella Terzi ; ilustraciones de Christine Nöstlinger Jr. ; rotulaciones Javier Vásquez. |
| 246 | 1 | _aDiario secreto de Paul. | |
| 264 |
_aMadrid : _aSM, _bCírculo de Lectores, _c1996. |
||
| 300 |
_a64, 64 páginas : _bilustraciones ; _c19 cm. |
||
| 336 |
_atexto _btxt _2rdacontent |
||
| 337 |
_asin mediación _bn _2rdamedia |
||
| 338 |
_avolumen _bnc _2rdacarrier |
||
| 490 | 0 | _aEl barco de vapor | |
| 500 | _aTraducción de: Susis geheimes tagebuch ; Pauls geheimes | ||
| 534 |
_tSuis geheimes tagebuch ; Pauls geheimes tagebuch. _pTítulo original. |
||
| 563 | _aDos obras encuadernadas juntas con paginación invertida | ||
| 590 | _aInventariado, 2026/VM | ||
| 650 | _aCuentos infantiles alemanes. | ||
| 700 | 1 |
_aTerzi, Marinella, _d1958- _etraductor |
|
| 700 | 1 |
_aNöstlinger, Christine, _eilustración |
|
| 700 | 1 | _aVazquez, Javier. | |
| 740 | 0 | 2 | _aDiario secreto de Paul. |
| 942 |
_2ddc _cBK |
||
| 945 | _aInventariado, 2018 / BT | ||
| 956 |
_2LOPEREZ _310 _620161125 _8BPMSU _a00041 |
||
| 999 |
_c12111 _d12111 |
||